| 000 | 00469nam a2200181Ia 4500 | ||
|---|---|---|---|
| 001 | 22547 | ||
| 005 | 20260414150838.0 | ||
| 008 | 260414t1998||||xx |||||||||||||| ||spa|| | ||
| 041 | _aESP | ||
| 082 |
_a621.382 _bK17 V. 2 |
||
| 100 |
_aKay, Steven M. _eAUT |
||
| 245 | 0 |
_aFundamentals of statistical signal processing : _bdetection theory |
|
| 260 | _c1998 | ||
| 300 |
_axiv, 560 páginas : _c24 cm. |
||
| 650 | _aTCA | ||
| 654 | _aCET | ||
| 942 |
_cLIB _dJUS _fJUS _2ddc _n |
||
| 999 |
_c22547 _d22547 |
||